00241nam a2200109Ia 4500008004100000100001800041245001400059260002200073650001200095942000700107999001700114190216s9999||||xx |||||||||||||| ||und|| aBalamani Amma 0aKalikotta bVanneri Book Depo aKavitha cBK c24170d24170